| 000 | 00000nam 2200000zi 4500 |
| 001 | 9.951658 |
| 003 | CaOODSP |
| 005 | 20250703123943 |
| 006 | m o d f |
| 007 | cr mn||||||||| |
| 008 | 250530s2025 onc o f000 0 fre d |
| 020 | |a9780660775357 |
| 040 | |aCaOODSP|bfre|erda|cCaOODSP |
| 043 | |an-cn--- |
| 045 | |ay2y2 |
| 086 | 1 |aPS4-335/2025F-PDF |
| 245 | 00|aÉtude de référence sur la résilience face aux risques d'inondation et la sensibilisation et l'atténuation des risques sismiques (2025) : |brapport sur les résultats / |cpréparé pour Sécurité publique Canada. |
| 246 | 17|aSécurité publique Canada - étude sur la résilience relativement aux risques d'inondation et sur la sensibilisation aux risques de tremblements de terre et à leur atténuation |
| 264 | 1|a[Ottawa] : |bSécurité publique Canada = Public Safety Canada, |c2025. |
| 300 | |a1 ressource en ligne (64 pages) |
| 336 | |atexte|btxt|2rdacontent/fre |
| 337 | |ainformatique|bc|2rdamedia/fre |
| 338 | |aressource en ligne|bcr|2rdacarrier/fre |
| 500 | |aPublié aussi en anglais sous le titre : Flood risk resilience and seismic awareness and mitigation study (2025): findings report. |
| 500 | |aTitre de la couverture. |
| 500 | |a« Fournisseur : Ipsos Limited Partnership. » |
| 500 | |a« Numéro de contrat : CW2384195. » |
| 500 | |a« Date de livraison : 2025-03-15. » |
| 500 | |a« Numéro d'enregistrement : POR 081-24. » |
| 650 | 6|aInondations|zCanada|xOpinion publique. |
| 650 | 6|aDommages causés par les inondations|xPrévention|zCanada|xOpinion publique. |
| 650 | 6|aTremblements de terre|zCanada|xOpinion publique. |
| 650 | 6|aTremblements de terre|zCanada|xSécurité|xMesures|xOpinion publique. |
| 650 | 6|aCatastrophes naturelles|zCanada|xOpinion publique. |
| 650 | 6|aGestion des situations d'urgence|zCanada|xOpinion publique. |
| 650 | 6|aOpinion publique|zCanada. |
| 710 | 1 |aCanada. |bSécurité publique Canada, |eorganisme de publication. |
| 710 | 2 |aIpsos (Firme). |bAffaires publiques, |econsultant. |
| 775 | 08|tFlood risk resilience and seismic awareness and mitigation study (2025) : |w(CaOODSP)9.951657 |
| 856 | 40|qPDF|s2.57 Mo|uhttps://publications.gc.ca/collections/collection_2025/sp-ps/PS4-335-2025-fra.pdf|zRapport sur les résultats |
| 856 | 4 |qHTML|sS.O.|uhttps://epe.bac-lac.gc.ca/100/200/301/pwgsc-tpsgc/por-ef/public_safety_canada/2025/081-24-f/081-24-rapport.htm|zRapport sur les résultats |
| 856 | 4 |qHTML|sS.O.|uhttps://epe.bac-lac.gc.ca/100/200/301/pwgsc-tpsgc/por-ef/public_safety_canada/2025/081-24-f/index.html|zEnsemble de données complet |